[Event "34th Chess Olympiad (women)"]
[Site "Istanbul"]
[Date "2000.11.12"]
[Round "14.43.3"]
[White "Vega, Carla"]
[Black "Sanchez, Esmeralda"]
[WhiteElo "2000"]
[BlackElo "2000"]
[WhiteCountry "CRC"]
[BlackCountry "IBSA"]
[Result "1/2-1/2"]

1. e4 c5 2. Nf3 e6 3. c3 d5 4. e5 Nc6 5. d4 Qb6 6. Bd3 Bd7 7. O-O cxd4 
8. cxd4 Nge7 9. Nc3 Ng6 10. Re1 Be7 11. Na4 Qd8 12. a3 Na5 13. Nc3 O-O 
14. g3 Rc8 15. Bd2 Nc4 16. Qb3 Na5 17. Qd1 a6 18. h4 Nc4 19. Qc2 h5 
20. Ng5 Nxd2 21. Qxd2 Bxg5 22. hxg5 Ne7 23. Qe2 g6 24. Qe3 b5 25. Kg2 Nf5 
26. Bxf5 exf5 27. f4 Be6 28. Rec1 Qb6 29. Ne2 Rc4 30. b3 Rcc8 31. Rxc8 Rxc8 
32. Rc1 Qb7 33. Rxc8+ Qxc8 34. Qc3 Qxc3 35. Nxc3 Kf8 36. b4 Ke7 37. Na2 Kd8 
38. Nc1 Kc7 39. Nd3 Kc6 40. Nc5 Bc8 41. Kf3 Kb6 42. Ke3 Kc6 43. Kd3 Kb6 44. Kc3 
1/2-1/2